Core java for beginners (Record no. 5079)

MARC details
000 -LEADER
fixed length control field 00451nam a22001817a 4500
005 - DATE AND TIME OF LATEST TRANSACTION
control field 20250327103718.0
008 - FIXED-LENGTH DATA ELEMENTS--GENERAL INFORMATION
fixed length control field 160701b xxu||||| |||| 00| 0 eng d
020 ## - INTERNATIONAL STANDARD BOOK NUMBER
ISBN 978-93-259-6850-9
041 ## - LANGUAGE CODE
Language code of text/sound track or separate title eng
082 ## - DEWEY DECIMAL CLASSIFICATION NUMBER
Item number 20424
Classification number 005.133
100 ## - MAIN ENTRY--AUTHOR NAME
Personal name Das, Rashmi kanta
245 ## - TITLE STATEMENT
Title Core java for beginners
250 ## - EDITION STATEMENT
Edition statement 3rd ed.
260 ## - PUBLICATION, DISTRIBUTION, ETC. (IMPRINT)
Name of publisher VIKAS PUBLICATION
Year of publication 2013
Place of publication NOIDA
300 ## - PHYSICAL DESCRIPTION
Number of Pages 898;P
650 ## - SUBJECT ADDED ENTRY--TOPICAL TERM
Topical Term Information Technology
942 ## - ADDED ENTRY ELEMENTS (KOHA)
Koha item type Books
Holdings
Lost status Damaged status Collection code Home library Current library Shelving location Date acquired Cost, normal purchase price Full call number Accession Number Koha item type
    Reference JRU Library   SHELF-30-A 01/07/2016 495.00 005.133 20424 Books
    CS/IT JRU Library JRU Library SHELF-54-A 01/07/2016 495.00 005.133 20425 Books
    CS/IT JRU Library JRU Library SHELF-54-A 01/07/2016 495.00 005.133 20426 Books
    CS/IT JRU Library JRU Library SHELF-54-A 01/07/2016 495.00 005.133 20427 Books
    CS/IT JRU Library JRU Library SHELF-54-A 01/07/2016 495.00 005.133 20428 Books
    CS/IT JRU Library JRU Library SHELF-54-A 01/07/2016 495.00 005.133 20429 Books
    CS/IT JRU Library JRU Library SHELF-54-A 01/07/2016 495.00 005.133 20430 Books
    CS/IT JRU Library JRU Library SHELF-54-A 01/07/2016 495.00 005.133 20431 Books